| 000 | 00751nam a2200265 i 4500 | ||
|---|---|---|---|
| 001 | C2-0110556 | ||
| 003 | PPAK | ||
| 005 | 20180727103039.0 | ||
| 008 | 970622s1994 io |||| ||||| | may d | ||
| 040 |
_aPPAK _beng _cPPAK _erda |
||
| 082 | 0 | 4 |
_a297.12407 _223 |
| 090 | 0 | 0 |
_a297.12407 _bTER _dG |
| 245 | 0 | 0 | _aTerjemah Nailul Authur 2 |
| 264 | 1 |
_aSemarang, Indoensia : _bCV. Asy Syifa' , _c1994 |
|
| 300 |
_axiv, 747 pages ; _c21 cm |
||
| 336 |
_2rdacontent _atext |
||
| 337 |
_2rdamedia _aunmediated |
||
| 338 |
_2rdacarrier _avolume |
||
| 500 | _aJilid II | ||
| 650 | 1 | 0 | _aHadith |
| 700 | 1 |
_aAsy-Syankani, Muhammad, Al-Iman, _ecompile |
|
| 700 | 0 |
_aHadimulyo, _cDrs. _etranslator. |
|
| 700 | 1 |
_aSuhardi, Kathur, _etranslator. |
|
| 942 |
_ddc _cB |
||
| 999 |
_c27327 _d27327 |
||